ပဋ္ဌာန်းပါဠိတော်အသံထွက်/ (Record no. 16624)

000 -LEADER
fixed length control field 00825nam a2200217Ia 4500
003 - CONTROL NUMBER IDENTIFIER
control field OSt
005 - DATE AND TIME OF LATEST TRANSACTION
control field 20241121102716.0
007 - PHYSICAL DESCRIPTION FIXED FIELD--GENERAL INFORMATION
fixed length control field ca aa aaaaa
008 - FIXED-LENGTH DATA ELEMENTS--GENERAL INFORMATION
fixed length control field 201103s9999 xx 000 0 und d
040 ## - CATALOGING SOURCE
Transcribing agency SSBUL
041 ## - LANGUAGE CODE
Language code of text/sound track or separate title bur
082 ## - DEWEY DECIMAL CLASSIFICATION NUMBER
Classification number ၂၉၄.၃၈၂၄၇ ပ
Edition number 23
Item number ၉၁၂၇(၁) S-SAT
100 ## - MAIN ENTRY--PERSONAL NAME
Personal name ပညာအလင်းပြ
9 (RLIN) 17264
245 #0 - TITLE STATEMENT
Title ပဋ္ဌာန်းပါဠိတော်အသံထွက်/
Statement of responsibility, etc. ပညာအလင်းပြ
250 ## - EDITION STATEMENT
Edition statement ဆဌမအကြိမ်။
260 ## - PUBLICATION, DISTRIBUTION, ETC.
Place of publication, distribution, etc. ရန်ကုန် ၊
Name of publisher, distributor, etc. ရွှေပုရပိုဒ်စာပေ၊
Date of publication, distribution, etc. ၁၉၉၈။
300 ## - PHYSICAL DESCRIPTION
Extent ၈၁ စာမျက်နှာ၊
Dimensions ၁၈ စင်တီ။
500 ## - GENERAL NOTE
General note S-SAT: Dr.Sai Aung Tun Collection
650 ## - SUBJECT ADDED ENTRY--TOPICAL TERM
Topical term or geographic name entry element ပဌာန်း
9 (RLIN) 23849
942 ## - ADDED ENTRY ELEMENTS (KOHA)
Source of classification or shelving scheme
Koha item type Book (Short term)
Holdings
Withdrawn status Lost status Source of classification or shelving scheme Damaged status Not for loan Collection code Permanent Location Current Location Shelving location Date acquired Total Checkouts Full call number Barcode Date last seen Price effective from Koha item type Accession
          Special Collections Shan State Buddhist University Library Shan State Buddhist University Library Special Collection Shelves 15/02/2023   ၂၉၄.၃၈၂၄၇ ပ ၉၁၂၇(၁) S-SAT MB00009127 15/02/2023 15/02/2023 Book (Short term) ၉၁၂၇(၁) S-SAT
          Special Collections Shan State Buddhist University Library Shan State Buddhist University Library Special Collection Shelves 15/02/2023   ၂၉၄.၃၈၂၄၇ ပ ၉၃၀၀(၂) S-SAT MB00009300 21/11/2024 15/02/2023 Book (Short term) ၉၃၀၀(၂) S-SAT

Library - 09407999929
Admin Office - 09407999979
Dean Office - 09250910768
Registrar Office - 09892297154
Email - [email protected]
Shan State Buddhist University, Phaya Phyu Taunggyi, Shan State, Myanmar.